| 000 | 00630nam a22001697a 4500 | ||
|---|---|---|---|
| 005 | 20251108163334.0 | ||
| 008 | 250721s1965 xx 000 0 ara d | ||
| 082 | 1 | 4 | _a7ر158/أحم |
| 100 | 1 | _aراجح، أحمد عزت | |
| 245 | 1 | 0 |
_aعلم النفس الصناعي : _bالمواءمه المهنية - الهندسة البشرية - العلاقات الإنسانية / |
| 250 | _aط2.، منقحة و مزيدة | ||
| 264 | 1 |
_aالإسكندرية : _bالدار القومية للطباعه والنشر، _c1965. |
|
| 300 | _a600ص | ||
| 650 | 1 | 7 | _aعلم النفس الصناعي |
| 942 |
_2ddc _cBK |
||
| 999 |
_c174 _d174 |
||